| 000 | 01098nam a22002417a 4500 | ||
|---|---|---|---|
| 999 |
_c701 _d701 |
||
| 001 | 002132 | ||
| 003 | CoMeUDC002132 | ||
| 005 | 20190114165852.0 | ||
| 008 | 100830s2010 sp fr 000 0 spa d | ||
| 020 | _a9789589941607 | ||
| 040 |
_aCO-BoUEX _cCoMeUDC |
||
| 041 | _aesp | ||
| 092 | 0 | 4 |
_a346.086 _bE56 |
| 111 |
_aAsociación Colombiana de Derecho de Seguros _n(25o. : _d2007 : _bOct. : _cMedellín) |
||
| 245 | 0 |
_aAspectos sustantivos y procesales del contrato de seguros : _blos seguros y reaseguros, contexto nacional e internacional : _bmemorias / |
|
| 260 |
_aBogotá : _bGuadalupe, _c2010 |
||
| 300 | _a420 p. | ||
| 505 | _aPrincipios comunes a los seguros terrestres. De los seguros de daños. De los seguros personales. Principios comunes a los seguros terrestres. Seguros de daños. Seguros de personas. Seguros de vida. indice cronológico de las actas del comité de seguros, asesor para la revisión del código de comercio. | ||
| 650 | 0 | 4 |
_aSEGUROS _xLEGISLACION _zCOLOMBIA |
| 650 | 0 | 4 |
_aSEGUROS _xPOLIZAS |
| 710 | 2 | _aAsociación Colombiana de Corredores de Seguros | |
| 942 |
_2ddc _cBK |
||